| 000 | 00873 am a2200229 a 4500 | ||
|---|---|---|---|
| 005 | 20240701104025.0 | ||
| 008 | 100901s1999||||ag d f |||| 000 0 spa d | ||
| 020 | _aS/N | ||
| 041 | _aspa | ||
| 092 |
_c174 _l53 _sMON |
||
| 100 | 1 |
_aMonti, Angel. _91382 |
|
| 245 |
_aPrincipios éticos en la vida universitaria y criterios para su instrumentación / _cAngel Monti. |
||
| 250 | _a1a ed. | ||
| 260 |
_aBuenos Aires: _bUniversidad Tecnológica Nacional; _c2000. |
||
| 300 | _a72 p. | ||
| 500 | _aMonti, A. (2000). Principios éticos de la vida universitaria y criterios para su instrumentación. (1a ed.). Buenos Aires : Universidad Tecnológica Nacional. | ||
| 653 | _aTratamiento conceptual de lo ético | ||
| 653 | _aPrincipios éticos en la vida universitaria | ||
| 653 | _aCriterios para la instrumentación de los principios | ||
| 930 | _a808 | ||
| 942 |
_2ddc _cBK |
||
| 999 |
_c659 _d659 |
||